00502 2200193 4500001002100000005001500021008004100036020002200077035001900099041000700118082001000125090001600135100001500151245004200166260004100208300003400249500001100283650001400294INLIS00000000000618220241224113237241224||||||||| | ||| |||| || |  a978-602-9109-23-8 0010-1224006182 aid0 a633.1 a633.1 KUS m0 akusbandrio00aMINA-PADI: Sistem Usahatani Padi-Ikan aBandungbNiaga Buku Pendidikanc2013 a21x15 cm, vi, 58 hlm.; ilus.: aCet. 1 0aPertanian